00796nam a2200205 a 450000100060000000300080000600500170001400800410003102000160007203500190008804000270010704100090013408200280014310000480017124501510021926000870037030000580045765000640051565000110057941345BD-RjUL20211209053353.0160529s1987 bg ||||| |||| 00| 0 ben d c: TK 30.00  a(BD-RjUL)41462 aBD-RjULbben cBD-RjUL aben  223 a297.72 bABK 1987  aআবাদী, আশরাফ আলী 10aকুরআন-হাদীসের আলোকে সৈনিকের কর্তব্য /cআশরাফ আলী আবাদী  aঢাকা :bইসলামিক ফাউণ্ডেশন, c১৯৮৭  a[১৪], ১৬৩ পৃ. ; c২১ সেমি.  aমুসলমানদের ধর্মযুদ্ধ  aJihad